Normal view
MARC view
Entry Personal Name
001 - CONTROL NUMBER
- control field: 1237137
003 - CONTROL NUMBER IDENTIFIER
- control field: OSt
005 - DATE AND TIME OF LATEST TRANSACTION
- control field: 20260430150323.0
008 - FIXED-LENGTH DATA ELEMENTS
- fixed length control field: 260430|| aca||aabn | a|a d
040 ## - CATALOGING SOURCE
- Original cataloging agency: OSt
- Transcribing agency: OSt
100 ## - HEADING--PERSONAL NAME
- Personal name: Vikas Kumar Au.; Mahlavat Shabnam Gu
670 ## - SOURCE DATA FOUND
- Source citation: Work cat.: (OSt)1849503: Vikas Kumar Au.; Mahlavat Shabnam Gu., Transfer of Technology and Climate Change Mitigation in International Legal Regime Exploring Gaps in Theory and Practice, 2022
